KOHA-Header-6

Sunharay Faisilay (Record no. 6158)

000 -LEADER
fixed length control field 00263nam a2200109Ia 4500
008 - FIXED-LENGTH DATA ELEMENTS--GENERAL INFORMATION
fixed length control field 190906s9999||||xx |||||||||||||| ||und||
100 ## - MAIN ENTRY--PERSONAL NAME
Personal name Abdul Maalik Mujahid
245 #0 - TITLE STATEMENT
Title Sunharay Faisilay
260 ## - PUBLICATION, DISTRIBUTION, ETC. (IMPRINT)
Place of publication, distribution, etc Islamabad
Name of publisher, distributor, etc Dawah Academy
Date of publication, distribution, etc 308
300 ## - PHYSICAL DESCRIPTION
Extent 2010
942 ## - ADDED ENTRY ELEMENTS (KOHA)
Koha item type Books
Holdings
Withdrawn status Lost status Source of classification or shelving scheme Damaged status Not for loan Collection code Permanent Location Current Location Shelving location Date acquired Total Checkouts Total Renewals Full call number Barcode Date last seen Date checked out Price effective from Koha item type
          Islamic Studies MAJU MAJU   2019-09-06 2 1 910.2 5172 2023-12-15 2023-12-02 2019-09-06 Islamic Studies

Powered by Koha